[Event "Aragon-ch Seniors 50+"]
[Site "Zaragoza"]
[Date "2019.05.25"]
[Round "6"]
[White "Colon Garcia, Antonio"]
[Black "Sanchez Gascon, Ricardo"]
[Result "1-0"]
[WhiteElo "1293"]
[BlackElo "1387"]
[PlyCount "47"]
[EventDate "2019.04.27"]
[EventType "swiss"]
[EventRounds "8"]
[EventCountry "ESP"]
[SourceTitle "EXT 2020"]
[Source "ChessBase"]
[SourceDate "2019.10.17"]
[SourceVersion "1"]
[SourceVersionDate "2019.10.17"]
[SourceQuality "1"]

1. e4 g6 2. Nf3 Bg7 3. Bc4 d6 4. h3 Nf6 5. Nc3 0-0 6. d3 a6 7. 0-0 b5 8. Bb3 Nbd7 9. a3 Bb7 10. Rb1 c5 11. Re1 Nb6 12. Be3 h6 13. e5 Nfd5 14. Nxd5 Nxd5 15. Bd2 a5 16. c4 bxc4 17. dxc4 Nc7 18. Bc3 Bxf3 19. Qxf3 Ne6 20. exd6 Bxc3 21. Qxc3 Qxd6 22. Rbd1 Qc6 23. Bc2 Nf4 24. Be4 1-0

[Event "Aragon-ch Seniors 50+"]
[Site "Zaragoza"]
[Date "2019.05.18"]
[Round "5"]
[White "Franco Ibanez, Carlos"]
[Black "Colon Garcia, Antonio"]
[Result "1-0"]
[WhiteElo "1978"]
[BlackElo "1293"]
[PlyCount "71"]
[EventDate "2019.04.27"]
[EventType "swiss"]
[EventRounds "8"]
[EventCountry "ESP"]
[SourceTitle "EXT 2020"]
[Source "ChessBase"]
[SourceDate "2019.10.17"]
[SourceVersion "1"]
[SourceVersionDate "2019.10.17"]
[SourceQuality "1"]

1. d4 e6 2. c4 Nf6 3. Nc3 Bb4 4. Qc2 d5 5. a3 Bxc3+ 6. Qxc3 Nc6 7. e3 0-0 8. Nf3 Ne4 9. Qc2 Bd7 10. Bd3 f5 11. b4 Be8 12. b5 Ne7 13. 0-0 Rf6 14. Ne5 Ng6 15. Bb2 Nxe5 16. dxe5 Rg6 17. cxd5 exd5 18. f3 Ng5 19. Bxf5 Rh6 20. a4 c6 21. bxc6 Rc8 22. Bxc8 Qxc8 23. c7 Rc6 24. Qd2 Qxc7 25. Rac1 Bf7 26. Bd4 a6 27. a5 Ne6 28. Rxc6 bxc6 29. Rc1 Nd8 30. Qb4 Be8 31. f4 Kf7 32. Bb6 Qc8 33. Bxd8 Qxd8 34. Qb7+ Kg6 35. Qxa6 Qc7 36. Qb6 1-0

[Event "Aragon-ch Seniors 50+"]
[Site "Zaragoza"]
[Date "2019.04.27"]
[Round "1"]
[White "Colon Garcia, Antonio"]
[Black "Perez Boy, Pedro"]
[Result "0-1"]
[WhiteElo "1293"]
[BlackElo "1759"]
[PlyCount "70"]
[EventDate "2019.04.27"]
[EventType "swiss"]
[EventRounds "8"]
[EventCountry "ESP"]
[SourceTitle "EXT 2020"]
[Source "ChessBase"]
[SourceDate "2019.10.17"]
[SourceVersion "1"]
[SourceVersionDate "2019.10.17"]
[SourceQuality "1"]

1. e4 Nf6 2. e5 Nd5 3. c4 Nb6 4. c5 Nd5 5. d4 e6 6. Bc4 d6 7. Bxd5 exd5 8. cxd6 cxd6 9. exd6 Bxd6 10. Nc3 Be6 11. Nf3 h6 12. 0-0 Nd7 13. Nb5 Bb8 14. Re1 0-0 15. Qd3 a6 16. Nc3 Re8 17. Bd2 Bd6 18. Rac1 Qf6 19. h3 Nb6 20. Ne5 Bf5 21. Qg3 Rad8 22. b3 Bb8 23. f4 Nc8 24. Qf3 Ne7 25. g4 Bc8 26. Qg3 Ng6 27. g5 hxg5 28. fxg5 Qf5 29. Rf1 Qxh3 30. Qxh3 Bxh3 31. Nxf7 Rd7 32. Rf3 Bg4 33. Rf2 Rxf7 34. Nxd5 Rxf2 35. Nf6+ Rxf6 0-1